[Event "Bethune op-B 24th"]
[Site "Bethune"]
[Date "2003.12.27"]
[Round "2"]
[White "Brebion, Jean Francois"]
[Black "Fournier, Alain"]
[Result "1-0"]
[WhiteElo "1499"]
[BlackElo "1690"]
[PlyCount "198"]
[EventDate "2003.12.26"]
[EventType "swiss"]
[EventRounds "9"]
[EventCountry "FRA"]
[SourceTitle "EXT 2005"]
[Source "ChessBase"]
[SourceDate "2004.11.15"]
[SourceVersion "1"]
[SourceVersionDate "2004.11.15"]
[SourceQuality "1"]

1. e4 e6 2. d4 d5 3. Nc3 Bb4 4. exd5 exd5 5. Nf3 Nc6 6. Bb5 Nge7 7. 0-0 0-0 8. Bg5 f6 9. Be3 Bg4 10. Be2 Re8 11. h3 Bh5 12. g4 Bf7 13. Ne1 Ng6 14. Ng2 a6 15. Qd2 Qd7 16. Bd3 Ba5 17. a3 Nce7 18. f4 f5 19. b4 Bb6 20. Ne2 fxg4 21. f5 Nf8 22. hxg4 c6 23. Rad1 Nc8 24. c3 Nd6 25. Bf4 Ne4 26. Qc2 Nf6 27. g5 Ne4 28. Bxe4 dxe4 29. Ng3 Bc4 30. Rf2 Bd3 31. Qb3+ Qd5 32. Qxd5+ cxd5 33. Ne3 Red8 34. Ng4 Rac8 35. Bd2 Bc7 36. Ne5 Bb5 37. f6 g6 38. Re2 Nd7 39. Ng4 Nb6 40. Ne5 Bxe5 41. dxe5 Nc4 42. e6 Rd6 43. e7 Kf7 44. Rh2 Rh8 45. Nf1 Bd7 46. Re1 h5 47. Bf4 Rc6 48. Ne3 Nxe3 49. Rxe3 Rhc8 50. Be5 b5 51. Bd4 Rh8 52. Rh4 Ra8 53. Rh2 a5 54. Bc5 Re6 55. Bd4 axb4 56. axb4 Rea6 57. Rd2 Ra1+ 58. Kf2 R1a2 59. Ree2 Rxd2 60. Rxd2 Bc6 61. Kg3 Be8 62. Bb6 Ke6 63. Ba5 Rc8 64. Kf4 Rxc3 65. Rf2 Bd7 66. Bb6 Kf7 67. Ra2 Rf3+ 68. Ke5 Rf5+ 69. Kd6 Be8 70. Be3 Rf3 71. Re2 h4 72. Kxd5 Rh3 73. Kxe4 Rh1 74. Bf4 Rb1 75. Rh2 Rxb4+ 76. Ke5 Kg8 77. Rxh4 Rc4 78. Ke6 Bf7+ 79. Kd7 Rd4+ 80. Kc6 b4 81. Bg3 Rxh4 82. Bxh4 b3 83. Kd7 b2 84. e8Q+ Bxe8+ 85. Kxe8 b1Q 86. f7+ Kh7 87. f8Q Qe4+ 88. Kd7 Qf5+ 89. Qxf5 gxf5 90. Bg3 Kg7 91. Bf4 Kf7 92. Kd6 Kg6 93. Ke6 Kg7 94. Kxf5 Kf7 95. g6+ Kg7 96. Bg5 Kf8 97. Kf6 Kg8 98. Bc1 Kf8 99. Kg5 Kg7 1-0

[Event "Bethune op-B 24th"]
[Site "Bethune"]
[Date "2003.12.26"]
[Round "1"]
[White "Dancourt, Jean Denis"]
[Black "Brebion, Jean Francois"]
[Result "1/2-1/2"]
[WhiteElo "1620"]
[BlackElo "1499"]
[PlyCount "120"]
[EventDate "2003.12.26"]
[EventType "swiss"]
[EventRounds "9"]
[EventCountry "FRA"]
[SourceTitle "EXT 2005"]
[Source "ChessBase"]
[SourceDate "2004.11.15"]
[SourceVersion "1"]
[SourceVersionDate "2004.11.15"]
[SourceQuality "1"]

1. e4 c5 2. Nc3 d6 3. g3 Nc6 4. Bg2 Nf6 5. d3 e5 6. f4 Bg4 7. Qd2 Be7 8. f5 d5 9. h3 d4 10. Nb1 Bh5 11. g4 Bxg4 12. hxg4 Nxg4 13. Qe2 Bh4+ 14. Kf1 Bg5 15. Na3 Bxc1 16. Rxc1 Qg5 17. Rb1 Ne3+ 18. Ke1 Nxg2+ 19. Kf2 Nh4 20. Rh2 Qf4+ 21. Ke1 g5 22. fxg6 Nxg6 23. Nh3 Qg3+ 24. Qf2 Qxf2+ 25. Rxf2 0-0-0 26. Rxf7 Rdf8 27. Ng5 Rxf7 28. Nxf7 Rf8 29. Nd6+ Kb8 30. Nf5 h5 31. Kd2 h4 32. Rh1 Rh8 33. Nc4 h3 34. Ncd6 h2 35. Nf7 Rh5 36. N7h6 Nh4 37. Ke2 Nxf5 38. Nxf5 Nb4 39. a3 Nxc2 40. Ng3 Rg5 41. Kf2 Ne3 42. Kf3 b5 43. Rxh2 Rxg3+ 44. Kxg3 Nf1+ 45. Kh3 Nxh2 46. Kxh2 Kc7 47. Kg3 Kd6 48. Kf3 c4 49. Ke2 Kc5 50. Kd2 a5 51. Kc2 b4 52. axb4+ axb4 53. dxc4 Kxc4 54. b3+ Kb5 55. Kd3 Kc5 56. Kc2 Kd6 57. Kd3 Kc5 58. Kc2 Kb6 59. Kd3 Ka6 60. Kc4 d3 1/2-1/2